000 01495pam a2200385 a 4500
001 4850770
003 SISC
005 20160203153654.0
008 910315s1992 paua j 001 0 eng
010 _a 91012612
020 _a 9780830619436
_c
020 _a
_c
040 _aDLC
_cDLC
_dDLC
042 _alcac
050 0 0 _aTA 149
_b.W66 1992
082 0 0 _aHS 620.0078
_bW85 1992
100 1 _aWood, Robert W.
_d1933-
_912594
245 1 0 _aScience for kids :
_b39 easy engineering experiments /
_cRobert W. Wood.
250 _a1st ed.
260 _aBlue Ridge Summit, PA :
_bTab Books,
_cc1992.
300 _a132 p. :
_bill. ;
_c25 cm.
490 1 _aScience for kids series
500 _aIncludes index.
520 _aIntroduces basic ways we use engineering through such projects as making a wind tunnel, building a truss, and testing the action of friction under various conditions.
650 0 _aEngineering
_xExperiments
_xJuvenile literature.
_912595
650 1 _aEngineering
_xExperiments.
_912596
650 1 _aExperiments.
_92007
700 1 _aHoeft, Steve,
_eill.
_912597
740 1 _a39 easy engineering experiments.
800 1 _aWood, Robert W.,
_d1933-
_tScience for kids series.
_912598
906 _a7
_bcbc
_corignew
_d1
_eocip
_f19
_gy-gencatlg
942 _2lcc
_cBK
999 _c9149
_d9149